| 000 | 00770nam a22001937a 4500 | ||
|---|---|---|---|
| 008 | 160413b xxu||||| |||| 00| 0 eng d | ||
| 020 | _a9789710445394 | ||
| 082 |
_22009 _aDFil 809 _bV14 |
||
| 100 |
_95393 _aValdez, Suzette F. |
||
| 245 |
_aUnderstanding literary arts & appreciating literatures of the world/ _cSuzette F. Valdez and Debbie F. Dianco; Marlyn Guilas Nielo, consultant. |
||
| 260 |
_aIntramuros, Manila: _bMindshapers Co., Inc., _cc2009. |
||
| 300 |
_axiii, 444 pages: _billustrations; _c25 cm. |
||
| 500 | _aIncludes bibliographical references and appendices. | ||
| 650 | 0 |
_95403 _aWorld literature |
|
| 700 |
_95394 _aDianco, Debbie F. _eAuthor |
||
| 700 |
_95395 _aNielo, Marlyn Guilas _eConsultant |
||
| 365 |
_b695.00 _cPurchased |
||
| 942 |
_2ddc _cDC |
||
| 999 |
_c1704 _d1704 |
||